000
00279nam a22001337a 4500
008
170809b xxu||||| |||| 00| 0 eng d
020
_a
9783772369537
041
_a
eng
080
_a
004
100
_a
35
101
_a
SHK
245
_a
IEC-BUS
_c
PIOTROWSKI,A
942
_2
udc
_c
BK
999
_c
23046
_d
23046